000 00890nam a2200277 a 4500
001 000021241
005 20200930011253.0
008 100902s1982 mx 000 f spa d
020 _a9682311977
040 _aDO-SdBNP
_bspa
_cBNPHU
082 _a833.8
_bS361s
100 1 _aSchnitzler, Arthur.
_944394
245 1 3 _aLa señorita Elsa /
_cArthur Schinitzler ; traducción José Moreno Villa, Juan E. Hausner y Mario Pérez Calvo.
260 _aMéxico, D. F. :
_bSiglo Veintiuno,
_c1982.
300 _a260 p. ;
_c18 cm.
490 1 _aCulturasep XXI
650 4 _aNovela austriaca
_912863
650 4 _aLiteratura austriaca
_94014
740 1 _aMorir.
740 1 _aEl teniente Gustil.
700 1 _aMoreno Villa, José,
_etr.
_944395
700 1 _aHausner, Juan E.,
_etr.
_944396
700 1 _aPérez Calvo, Mario,
_etr.
_944397
830 0 _aCulturasep XXI
_944398
049 _aBNGR
999 _c20742
_d20742